[Event "Reunion op 16th"]
[Site "St Denis"]
[Date "2014.10.25"]
[Round "9"]
[White "Labrande, Jean Donatien"]
[Black "Labrande, Emmanuel"]
[Result "1-0"]
[WhiteElo "1372"]
[BlackElo "1389"]
[PlyCount "37"]
[EventDate "2014.10.18"]
[EventType "swiss"]
[EventRounds "9"]
[EventCountry "RUF"]
[SourceTitle "EXT 2015"]
[Source "ChessBase"]
[SourceDate "2014.11.20"]
[SourceVersion "1"]
[SourceVersionDate "2014.11.20"]
[SourceQuality "1"]

1. e4 g6 2. d4 Bg7 3. Nc3 d6 4. Be3 a6 5. f3 b5 6. Qd2 Nd7 7. 0-0-0 Bb7 8. h4 h5 9. Nge2 b4 10. Nb1 a5 11. Nf4 Nb6 12. Bd3 Qd7 13. Qe2 Qa4 14. Bb5+ Bc6 15. Bxa4 Nxa4 16. Qc4 Kd7 17. Qxf7 Nh6 18. Qe6+ Ke8 19. Nxg6 1-0